Las relaciones humanas.
Guardado en:
| Formato: | |
|---|---|
| Series: | UBA XXI
|
| Materias: | |
| Etiquetas: |
Agregar Etiqueta
Sin Etiquetas, Sea el primero en etiquetar este registro!
|
| LEADER | 00908ngm a22002655g 4500 | ||
|---|---|---|---|
| 001 | CEM.cems022694 | ||
| 008 | 130507b2000##################0###0#####d | ||
| 005 | 20241114135336.0 | ||
| 245 | 0 | 0 | |a Las relaciones humanas. |
| 300 | |a 26'. | ||
| 490 | 0 | |a UBA XXI | |
| 500 | |a En soporte VHS, consultar en ventanilla. | ||
| 505 | 0 | |a La Psicología social. Orígenes y alcances. Los grupos. La interacción social y conflictos. Grupos de pertenencia. El fenómeno de masas. | |
| 538 | |a Soporte: VHS - Norma: Pal N - Color: Si - Grabación DRD 2000 - Hitachi=3025 | ||
| 082 | 1 | 5 | |/ UBA |
| 653 | |a RELACIONES HUMANAS | ||
| 653 | |a PSICOLOGIA | ||
| 653 | |a PSICOLOGIA SOCIAL | ||
| 653 | |a GRUPOS | ||
| 653 | |a INTERACCION | ||
| 653 | |a GRUPOS DE PERTENENCIA | ||
| 653 | |a MASAS | ||
| 653 | |a NIVEL PRIMARIO | ||
| 653 | |a NIVEL SECUNDARIO | ||
| 859 | |a CEMS |b BIB. CEMS - Depto. Recursos Didacticos |h 150 |i UBA |k DRD |p 1337.12 |t Ej.1 | ||
